000 00902nam a2200265 i 4500
001 60673
003 ES-MaACL
005 20230906164301.0
007 t|
008 031105s1971 sp ||||1| spa d
080 _a821.134.2-31"16"
245 0 3 _aLa vida y hechos de Estebanillo González /
_cedición, notas y comentarios de Antonio Carreira y Jesús A. Cid ; prólogo de Juan Goytisolo.
260 _aMadrid :
_bNarcea,
_cD. L. 1971.
300 _a566 p. ;
_c19 cm.
490 1 _aBitácora. Biblioteca del estudiante ;
_v19
500 _aÍndices.
700 1 _aCarreira, Antonio.
_935605
700 1 _aCid, Jesús Antonio.
_938760
700 1 _aGoytisolo, Juan.
_959422
740 0 2 _aEstebanillo González.
830 0 _aBitácora. Biblioteca del estudiante ;
_v19
_9181903
852 _aES-MaACL
_jC-49713
_bR.80097
852 _aES-MaACL
_jE-13951
_xOlim P-1892
999 _c60673
_d60673